| 000 | 00351nam a22001217a 4500 | ||
|---|---|---|---|
| 020 | _a0-85052-549-7 | ||
| 082 | _a358.2 CRA'K | ||
| 100 |
_aKNEEN, J. M. BRIGADIERS _967323 |
||
| 245 | _aCRAFTSMAN OF THE ARMY, THE STORY OF THE ROYAL ELECTRICAL AND MECHANICAL ENGINEERS 1969-1992 | ||
| 260 |
_aLONDON _bLEO COOPER _c1996 |
||
| 300 | _a723P | ||
| 942 | _cBK | ||
| 999 |
_c575131 _d575131 |
||